000 01165nam a22002295i 4500
001 166979
003 ES-MaACL
005 20240229063323.0
008 940206s1886 sp a |||| | spa d
040 _aCAM
_bspa
_cCAM
100 1 _aValverde y Álvarez, Emilio,
_d1848-1894
_9133538
245 1 0 _aNueva guía del viajero en España y Portugal
_b: viaje geográfico, artístico y pintoresco por la Península Ibérica /
_cEmilio Valverde y Alvarez.
260 _aMadrid :
_bCentro del Atlas Geográfico...,
_c1886 (
_fImp. de Fernando Cao y Domingo de Val)
300 _a2 v. :
_bil. ;
_c19 cm.
490 1 _aGuía Práctica Valverde
505 8 _aContiene: vol. I: Zona Central y Septentional ( (XXIX, 915 p, [35] h. de grab., [41] h. de plan., [5] h. de map. pleg. -- vol II: Zona Oriental, Occidental y Meridional (1003 p., [28] h. de grab., [6] h. de map.pleg., [22] h. de plan.) Cada parte con port. y antep. propias
597 1 _aTexto a dos col.
710 2 1 _aCentro del Atlas Geográfico,
_eed.
_9134245
830 0 _aGuía Práctica Valverde
_9222592
852 _aES-MaACL
_jG-10506-10507
_z-- Enc. tela
999 _c166979
_d166979